000 00564nam a2200205Ia 4500
005 20250326143758.0
008 250326s9999 xx 000 0 und d
020 _a0-324-18744-0
037 _aTextbook
040 _aFMSL
_beng
_cFMSL
041 _aeng
_2eng
084 _aX P6
_qFMSL
100 _aMckenzie D J
_9748525
245 0 _aEssetials of real estate economics
_cMckenzie D J; Betts R M
250 _a5
260 _aUnited Kingdom
_bUnited Kingdom, Thomson
_c2006
300 _axvi,462
942 _cTB
_hX P6
999 _c1300998
_d1300998